Po stopách Robinsona (Record no. 21512)
[ view plain ]
| 000 -LEADER | |
|---|---|
| fixed length control field | 01839cam a2200481 a 4500 |
| 001 - CONTROL NUMBER | |
| control field | 21512 |
| 003 - CONTROL NUMBER IDENTIFIER | |
| control field | VRT |
| 005 - DATE AND TIME OF LATEST TRANSACTION | |
| control field | 20260303142942.0 |
| 008 - FIXED-LENGTH DATA ELEMENTS--GENERAL INFORMATION | |
| fixed length control field | 200316s1956 xo a j 000 0 slo |
| 015 ## - NATIONAL BIBLIOGRAPHY NUMBER | |
| National bibliography number | SNBA1956/11-01452 |
| 035 ## - SYSTEM CONTROL NUMBER | |
| System control number | SK01SNK19560033579 |
| 035 ## - SYSTEM CONTROL NUMBER | |
| System control number | urn:nbn:sk:snk-am3i3mp |
| 035 ## - SYSTEM CONTROL NUMBER | |
| System control number | 03AF3210-AEA8-4517-AFC4-EDD1FD38AEDF |
| 035 ## - SYSTEM CONTROL NUMBER | |
| System control number | urn:nbn:sk:snk-am00dir7 |
| 035 ## - SYSTEM CONTROL NUMBER | |
| System control number | SKM000036042 |
| 039 #9 - LEVEL OF BIBLIOGRAPHIC CONTROL AND CODING DETAIL [OBSOLETE] | |
| Level of rules in bibliographic description | 202008101311 |
| Level of effort used to assign nonsubject heading access points | AUTHORITY |
| Level of effort used to assign subject headings | 202003160943 |
| Level of effort used to assign classification | VLOAD |
| Level of effort used to assign subject headings | 201908051324 |
| Level of effort used to assign classification | msnk123 |
| Level of effort used to assign subject headings | 201908051323 |
| Level of effort used to assign classification | msnk123 |
| 040 ## - CATALOGING SOURCE | |
| Original cataloging agency | SNK |
| Language of cataloging | slo |
| Transcribing agency | SNK |
| Description conventions | AACR2 |
| 041 1# - LANGUAGE CODE | |
| Language code of text/sound track or separate title | slo |
| Language code of original | rus |
| 044 ## - COUNTRY OF PUBLISHING/PRODUCING ENTITY CODE | |
| MARC country code | xo |
| ISO country code | SK |
| 080 ## - UNIVERSAL DECIMAL CLASSIFICATION NUMBER | |
| Universal Decimal Classification number | 5:087.5(084.1) |
| Edition identifier | 1981 |
| 080 ## - UNIVERSAL DECIMAL CLASSIFICATION NUMBER | |
| Universal Decimal Classification number | 82-93 |
| Edition identifier | 2001 |
| 100 1# - MAIN ENTRY--PERSONAL NAME | |
| Personal name | Verzilin, Nikolaj Michajlovič, |
| Dates associated with a name | 1903-1984 |
| Relationship | aut |
| 240 10 - UNIFORM TITLE | |
| Uniform title | Po sledam Robinsona |
| Language of a work | Slovensky |
| 245 10 - TITLE STATEMENT | |
| Title | Po stopách Robinsona |
| Statement of responsibility, etc. | N. Verzilin ; z rus. orig. Po sledam Robinsona prel. Peter Ždán ; verše prebásnil Ivan Mojík ; fareb. vložky Ester Šimerovej-Martinčekovej ; perokresby L. Miloradoviča a V.L. Petrova z pôv. vyd. |
| 250 ## - EDITION STATEMENT | |
| Edition statement | 1. vydanie |
| 260 ## - PUBLICATION, DISTRIBUTION, ETC. | |
| Place of publication, distribution, etc. | Bratislava |
| Name of publisher, distributor, etc. | Slovenské nakladateľstvo detskej knihy |
| Date of publication, distribution, etc. | 1956 |
| Place of manufacture | Martin |
| Manufacturer | Severoslovenské tlačiarne |
| 300 ## - PHYSICAL DESCRIPTION | |
| Extent | 272, [7] s., [7] fareb. obr. príl. |
| Other physical details | ilustrácie |
| Dimensions | 8° |
| 366 ## - TRADE AVAILABILITY INFORMATION | |
| Note | 5400 kusov |
| 490 1# - SERIES STATEMENT | |
| Series statement | Knižnica náučnej literatúry |
| 500 ## - GENERAL NOTE | |
| General note | Poznámky |
| 650 07 - SUBJECT ADDED ENTRY--TOPICAL TERM | |
| Topical term or geographic name entry element | príroda |
| Source of heading or term | SNKPH |
| 650 07 - SUBJECT ADDED ENTRY--TOPICAL TERM | |
| Topical term or geographic name entry element | literatúra pre mládež |
| Source of heading or term | SNKPH |
| 655 #7 - INDEX TERM--GENRE/FORM | |
| Genre/form data or focus term | príručky |
| Source of term | SNKPH |
| 700 1# - ADDED ENTRY--PERSONAL NAME | |
| Personal name | Ždán, Peter, |
| Dates associated with a name | 1919-1991 |
| Relationship | trl |
| 700 1# - ADDED ENTRY--PERSONAL NAME | |
| Personal name | Mojík, Ivan, |
| Dates associated with a name | 1928-2007 |
| Relationship | trl |
| 700 1# - ADDED ENTRY--PERSONAL NAME | |
| Personal name | Šimerová-Martinčeková, Ester, |
| Dates associated with a name | 1909-2005 |
| Relationship | ill |
| 700 1# - ADDED ENTRY--PERSONAL NAME | |
| Personal name | Miloradovič, L. |
| Relationship | ill |
| 700 1# - ADDED ENTRY--PERSONAL NAME | |
| Personal name | Petrov, V.L. |
| Relationship | ill |
| 830 #0 - SERIES ADDED ENTRY--UNIFORM TITLE | |
| Uniform title | Knižnica náučnej literatúry |
| 910 ## - USER-OPTION DATA (OCLC) | |
| User-option data | kis3gmm |
| 942 ## - ADDED ENTRY ELEMENTS (KOHA) | |
| Source of classification or shelving scheme | Dewey Decimal Classification |
| Koha item type | Krásna literatúra pre deti |
| Suppress in OPAC | No |
| 949 ## - LOCAL PROCESSING INFORMATION (OCLC) | |
| 6 | 17A0797172 |
| a | snkSC 8577 |
| b | snkKSP 3276/56 |
| s | 6100:20190730 |
| Stav vyradenia | Strata | Poškodenie | Spôsob nadobudnutia | Domovská knižnica | Aktuálna knižnica | Dátum nadobudnutia | Total checkouts | Čiarový kód exemplára | Date last seen | Typ exemplára |
|---|---|---|---|---|---|---|---|---|---|---|
| Dar | Obecná knižnica Horná Štubňa | Obecná knižnica Horná Štubňa | 03.03.2026 | 4736201608 | 03.03.2026 | Krásna literatúra pre deti |
